| 000 | 00701nam a2200193Ii 4500 | ||
|---|---|---|---|
| 003 | JO-AjNU | ||
| 008 | 230605s9999||||xx |||||||||||||| ||und|| | ||
| 040 |
_aJO-AjNU _bara _erda _cJO-AjNU |
||
| 041 | _aara | ||
| 050 | 1 | 4 | _aBF1118.A7.Q27.1988 |
| 100 | 3 |
_aقرشجيان،سرخوس/اعداد, _eauthor _920211 |
|
| 245 | 0 | 0 | _aتعلم الألعاب السحرية (الخفية) والتنويم المغناطيسي |
| 264 | 3 | 1 | _aطرابلس-لبنان:جروس برس،1988 |
| 300 | _a191ص | ||
| 336 |
_atext _btxt _2rdacontent |
||
| 337 |
_aunmediated _bn _2rdamedia |
||
| 338 |
_avolume _bnc _2rdacarrier |
||
| 650 | 4 |
_aالالعاب السحرية-التنويم المغناطيسي _920212 |
|
| 999 |
_aA6810 _c10378 _d10378 |
||